| 000 | 01367nam a2200277 i 4500 | ||
|---|---|---|---|
| 003 | IT-RoINE | ||
| 005 | 20200515100825.0 | ||
| 008 | 080902s1989 it |r |101|||mul|d | ||
| 020 | _a8834303822 | ||
| 040 |
_aUPSA _dUSA.FILO _dIT-RoINE _cesslup IT-RoINE |
||
| 041 | 0 |
_aeng _afre _aita |
|
| 110 | 2 |
_951742 _aUniversità cattolica del Sacro Cuore. _bCentro di studi medioevali. _bSettimana internazionale di studio _n(10ª. _d1986. _cPasso della Mendola, Italia) |
|
| 245 | 1 | 2 |
_aL'Europa dei secoli XI e XII fra novità e tradizione : _bsviluppi di una cultura : atti della decima Settimana internazionale di studio, Mendola, 25-29 agosto 1986. |
| 260 |
_aMilano : _bVita e pensiero, _c[1989] |
||
| 300 |
_aXXXI, 421 p., [16] p. de lám. : _bil. bl. y n. ; _c24 cm. |
||
| 336 |
_aTexto (visual) _2rdacontent |
||
| 337 |
_2rdamedia _aunmediated |
||
| 338 |
_2rdacarrier _avolume |
||
| 490 | 1 |
_aPubblicazioni dell'Università cattolica del Sacro Cuore. _aMiscellanea el Centro di studi medioevali ; _v12 |
|
| 500 | _aIncluye índices. | ||
| 504 | _aIncluye referencias bibliográficas en notas. | ||
| 546 | _aTexto en francés, inglés e italiano. | ||
| 651 | 4 |
_aEuropa _xHistoria _ySiglos 11o.-12o. _vCongresos _951743 |
|
| 830 | 0 |
_951709 _aPubblicazioni dell'Università cattolica del Sacro Cuore. _pMiscellanea del Centro di studi medioevali _v12 |
|
| 942 | _cMTS | ||
| 999 |
_c26132 _d26132 |
||